[Event "Mont de Marsan op 6th"]
[White "Belingard, Andre"]
[Black "Bourjol, Daniel"]
[Site "Mont de Marsan"]
[Round "9"]
[Result "1-0"]
[Date "2006.12.30"]
[WhiteElo "1670"]
[BlackElo "1803"]
[PlyCount "39"]
[EventDate "2006.12.26"]
[EventType "swiss"]
[EventRounds "9"]
[EventCountry "FRA"]
[SourceTitle "CBM 116 Extra"]
[Source "ChessBase"]
[SourceDate "2007.03.07"]
[SourceVersion "1"]
[SourceVersionDate "2007.03.07"]
[SourceQuality "1"]

1. f4 e5 2. fxe5 d6 3. exd6 Bxd6 4. Nf3 g5 5. e4 g4 6. e5 Qe7 7. Kf2 Bc5+ 8. d4 gxf3 9. dxc5 fxg2 10. Bxg2 Qh4+ 11. Kf1 Qc4+ 12. Qd3 Qxc5 13. Bf4 Be6 14. Nd2 Nc6 15. Bxc6+ Qxc6 16. Kf2 Rd8 17. Qc3 Qxc3 18. bxc3 Ne7 19. Ne4 Bf5 20. Nf6+ 1-0

[Event "Rohde op 06th"]
[White "Bourjol, Daniel"]
[Black "Meignen, Jean Marc"]
[Site "Sautron"]
[Round "6"]
[Result "1-0"]
[Date "2006.11.01"]
[WhiteElo "1803"]
[BlackElo "1560"]
[PlyCount "24"]
[EventDate "2006.10.28"]
[EventType "swiss"]
[EventRounds "9"]
[EventCountry "FRA"]
[SourceTitle "EXT 2007"]
[Source "ChessBase"]
[SourceDate "2006.11.23"]
[SourceVersion "1"]
[SourceVersionDate "2006.11.23"]
[SourceQuality "1"]

1. d4 e6 2. e4 d5 3. Nc3 Nf6 4. Bg5 Be7 5. e5 Nfd7 6. h4 c5 7. Bxe7 Qxe7 8. Nb5 Nb6 9. Nd6+ Kf8 10. dxc5 Nc4 11. Bxc4 dxc4 12. Nxc8 Qxc5 1-0

[Event "Mont de Marsan op"]
[White "Bourjol, Daniel"]
[Black "Gipouloux, Laurent"]
[Site "Mont de Marsan"]
[Round "7"]
[Result "0-1"]
[Date "2005.12.29"]
[WhiteElo "1839"]
[BlackElo "1499"]
[PlyCount "45"]
[EventDate "2005.12.26"]
[EventType "swiss"]
[EventRounds "7"]
[EventCountry "FRA"]
[SourceTitle "CBM 110 Extra"]
[Source "ChessBase"]
[SourceDate "2006.03.10"]
[SourceVersion "2"]
[SourceVersionDate "2006.03.10"]
[SourceQuality "1"]

1. d4 d5 2. e4 dxe4 3. Nc3 Nf6 4. f3 exf3 5. Nxf3 Bg4 6. h3 Bh5 7. g4 Bg6 8. Ne5 Nbd7 9. Nxg6 hxg6 10. Qf3 c6 11. g5 Nh7 12. Bc4 e6 13. h4 Be7 14. Be3 Nxg5 15. Bxg5 Bxg5 16. hxg5 Rxh1+ 17. Qxh1 Qxg5 18. Ke2 Qg4+ 19. Qf3 Qxd4 20. Qd3 Qg4+ 21. Kd2 Ne5 22. Bxe6 Qxe6 23. Qe2 0-1

[Event "Mont de Marsan op"]
[White "Bourjol, Daniel"]
[Black "Daragon, Bruno"]
[Site "Mont de Marsan"]
[Round "4"]
[Result "1-0"]
[Date "2005.12.27"]
[WhiteElo "1839"]
[BlackElo "1720"]
[PlyCount "35"]
[EventDate "2005.12.26"]
[EventType "swiss"]
[EventRounds "7"]
[EventCountry "FRA"]
[SourceTitle "CBM 110 Extra"]
[Source "ChessBase"]
[SourceDate "2006.03.10"]
[SourceVersion "2"]
[SourceVersionDate "2006.03.10"]
[SourceQuality "1"]

1. d4 Nf6 2. Nc3 g6 3. e4 d6 4. Be2 Bg7 5. Be3 0-0 6. g4 c6 7. a4 Re8 8. g5 Nfd7 9. h4 e5 10. d5 Nf8 11. h5 f5 12. gxf6 Qxf6 13. dxc6 bxc6 14. hxg6 Nxg6 15. Bc4+ Kh8 16. Qh5 Nf8 17. Qxe8 Nbd7 18. Qf7 1-0

[Event "Mont de Marsan op"]
[White "Bourjol, Daniel"]
[Black "Garaud, Alain"]
[Site "Mont de Marsan"]
[Round "2"]
[Result "0-1"]
[Date "2005.12.26"]
[WhiteElo "1839"]
[BlackElo "1920"]
[PlyCount "90"]
[EventDate "2005.12.26"]
[EventType "swiss"]
[EventRounds "7"]
[EventCountry "FRA"]
[SourceTitle "CBM 110 Extra"]
[Source "ChessBase"]
[SourceDate "2006.03.10"]
[SourceVersion "2"]
[SourceVersionDate "2006.03.10"]
[SourceQuality "1"]

1. d4 d5 2. e4 c6 3. Nc3 dxe4 4. f3 exf3 5. Nxf3 Bg4 6. h3 Bh5 7. g4 Bg6 8. Bc4 e6 9. 0-0 Nd7 10. Be3 Qc7 11. Qe1 0-0-0 12. Qf2 Nb6 13. Bb3 Nf6 14. Bg5 h5 15. Bf4 Bd6 16. Bxd6 Qxd6 17. g5 Nfd5 18. Nxd5 exd5 19. Rae1 f6 20. h4 Rhf8 21. Qg2 Be4 22. g6 f5 23. Qg5 Bxf3 24. Rxf3 Rf6 25. Qxh5 Rxg6+ 26. Kh1 Nd7 27. c3 Rh6 28. Qg5 Rdh8 29. Rh3 Rh5 30. Re8+ Rxe8 31. Qxh5 Qe6 32. Qd1 Nf6 33. Bc2 Qe1+ 34. Qxe1 Rxe1+ 35. Kg2 Re2+ 36. Kf3 Rxc2 37. Kf4 Rxb2 38. Kxf5 Rxa2 39. Rg3 Ne8 40. Re3 Kd7 41. Kg6 Rf2 42. Re5 a5 43. h5 a4 44. Rxe8 Kxe8 45. Kxg7 a3 0-1

[Event "Condom op 4th"]
[White "Bourjol, Daniel"]
[Black "Bouthier, Jacques"]
[Site "Condom"]
[Round "3"]
[Result "0-1"]
[Date "2005.07.10"]
[WhiteElo "1839"]
[BlackElo "2015"]
[PlyCount "66"]
[EventDate "2005.07.09"]
[EventType "swiss"]
[EventRounds "9"]
[EventCountry "FRA"]
[SourceTitle "CBM 107 Extra"]
[Source "ChessBase"]
[SourceDate "2005.09.01"]
[SourceVersion "1"]
[SourceVersionDate "2005.09.01"]
[SourceQuality "1"]

1. d4 d5 2. e4 dxe4 3. Nc3 Nf6 4. f3 c6 5. Bc4 Qa5 6. Be3 Nd5 7. Qd2 Nxe3 8. Qxe3 Nd7 9. fxe4 Nf6 10. Nf3 Bg4 11. 0-0-0 Bxf3 12. Qxf3 e5 13. Ne2 exd4 14. Bxf7+ Kxf7 15. Qb3+ Kg6 16. Nf4+ Kh6 17. Qh3+ Nh5 18. Rxd4 Qg5 19. Rf1 Bc5 20. Rd3 g6 21. Kb1 Rhf8 22. Rdf3 Rae8 23. g4 Bd6 24. gxh5 Bxf4 25. hxg6+ Kxg6 26. Qd7 Re7 27. Qd3 Kg7 28. Qd4+ Be5 29. Rg1 Bxd4 30. Rxg5+ Kh6 31. Rxf8 Kxg5 32. Rf5+ Kg4 33. Ra5 b5 0-1